Statystyki dla Nazwij pasujące europejskie państwo #1

Kliknij tutaj aby rozwiązać quiz!

Ogólne statystyki

  • Ten quiz został rozwiązany 24 108 razy
  • Średni wynik to 13 z 18

Statystyki odpowiedzi

Nazwij europejskie państwo...Państwo% Poprawnych
które graniczy z Rosją:Białoruś | Estonia | Finlandia | Łotwa | Litwa | Norwegia | Polska | Ukraina
100%
które posiada terytorium w Alpach:Austria | Francja | Liechtenstein | Monako | Niemcy | Słowenia | Szwajcaria | Włochy
95%
które zamieszkuje mniej niż 100 000 osób:Andora | Liechtenstein | Monako | San Marino | Watykan
93%
w którego nazwie jest więcej niż jedno słowo:Bośnia i Hercegowina | Macedonia Północna | San Marino | Wielka Brytania
93%
które jest państwem wyspiarskim:Irlandia | Islandia | Malta | Wielka Brytania
92%
które uczestniczyło w pierwszym Konkursie Piosenki Eurowizji:Belgia | Francja | Luksemburg | Holandia | Niemcy | Szwajcaria | Włochy
91%
które nie należy do Unii Europejskiej:Albania | Andora | Białoruś | Bośnia i Hercegowina | Czarnogóra | Islandia | Kosowo | Liechtenstein | Macedonia Północna | Mołdawia | Monako | Norwegia | Rosja | San Marino | Serbia | Szwajcaria | Ukraina | Watykan | Wielka Brytania
89%
przez które przepływa rzeka Dunaj:Austria | Bułgaria | Chorwacja | Niemcy | Mołdawia | Rumunia | Serbia | Słowacja | Ukraina | Węgry
86%
w którego nazwie jest "K":Kosowo | Luksemburg | Monako | Polska | Ukraina | Watykan | Wielka Brytania
84%
którego flaga nie zawiera czerwonego:Bośnia i Hercegowina | Estonia | Finlandia | Grecja | Irlandia | Kosowo | San Marino | Szwecja | Ukraina
82%
którego oczekiwana długość życia jest krótsza niż 75 lat:Białoruś | Bułgaria | Litwa | Łotwa | Mołdawia | Rosja | Rumunia | Ukraina
73%
którego średnia wysokość jest mniejsza niż 100m n.p.m.:Dania | Estonia | Łotwa | Monako | Holandia | Watykan
69%
które nie należy do NATO:Andora | Austria | Białoruś | Bośnia i Hercegowina | Irlandia | Kosowo | Liechtenstein | Malta | Mołdawia | Monako | Rosja | San Marino | Serbia | Szwajcaria | Ukraina | Watykan
65%
które dołączyło do strefy euro w XXI w.:Chorwacja | Estonia | Grecja | Litwa | Łotwa | Malta | Słowacja | Słowenia
64%
którego językiem urzędowym jest francuski (poza Francją):Belgia | Luksemburg | Monako | Szwajcaria
43%
którego stolica ma dokładnie 4 litery w nazwie:Łotwa | Norwegia | Włochy
40%
w którym co najmniej 97.5% ludności używa internetu:Estonia | Islandia | Liechtenstein | Norwegia
37%
którego ponad połowa powierzchni jest pokryta lasami:Czarnogóra | Estonia | Finlandia | Łotwa | Słowenia | Szwecja
36%

Rozkład punktacji

Percentyl według liczby udzielonych odpowiedzi

Procent ludzi z każdym wynikiem

Twoja historia wyników

Nie rozwiązałeś tego quizu